Jezdecká akademie. Tajný slib /
Další díl série z prostředí jezdecké akademie v kanadské divočině.
Uloženo v:
| Série: | Jezdecká akademie (Gina Mayer),
část 2 |
|---|---|
| Hlavní autor: | |
| Další autoři: | |
| Médium: | E-kniha |
| Jazyk: | Czech |
| Vydáno: |
Praha :
Dobrovský s.r.o.,
2022
|
| Edice: | King Cool
|
| Témata: | |
| Příbuzné jednotky: | Z cyklu::
Jezdecká akademie (Gina Mayer) |
| Tagy: |
Žádné tagy |
| LEADER | 02668nam a2200493 i 4500 | ||
|---|---|---|---|
| 001 | 311785 | ||
| 003 | CZ PrSKC | ||
| 005 | 20260601215711.0 | ||
| 007 | ta | ||
| 008 | 221118s2022 xr c 000 f cze | ||
| 015 | |a cnb003473184 | ||
| 020 | |a 9788027702718 |q (vázáno) | ||
| 035 | |a (OCoLC)1378695041 | ||
| 040 | |a ABG001 |b cze |e rda | ||
| 041 | 1 | |a cze |h ger | |
| 072 | 7 | |a 821.112.2-3 |x Německá próza, německy psaná |2 Konspekt | |
| 072 | 7 | |a 821-93 |x Literatura pro děti a mládež (beletrie) |2 Konspekt | |
| 080 | |a 821.112.2-31 |2 MRF | ||
| 080 | |a 821-93 |2 MRF | ||
| 080 | |a (0:82-31) |2 MRF | ||
| 100 | 1 | |a Mayer, Gina, |d 1965- |7 xx0204280 |4 aut | |
| 240 | 1 | 0 | |a Geheimes Versprechen. |l Česky |
| 245 | 1 | 0 | |a Jezdecká akademie. |p Tajný slib / |c Gina Mayer ; z německého originálu Pferdeflüsterer-Academy - Ein geheimes Versprechen přeložila Iva Zündorf |
| 246 | 3 | 0 | |a Tajný slib |
| 264 | 1 | |a Praha : |b Dobrovský s.r.o., |c 2022 | |
| 300 | |a 201 stran ; |c 21 cm | ||
| 336 | |a text |b txt |2 rdacontent | ||
| 337 | |a bez média |b n |2 rdamedia | ||
| 338 | |a svazek |b nc |2 rdacarrier | ||
| 490 | 1 | |a King Cool | |
| 520 | 2 | |a Další díl série z prostředí jezdecké akademie v kanadské divočině. |b Zoe byla vždycky zvyklá na úspěch. Po svém dobrodružném útěku s černým hřebcem Šamanem byla přijata na Jezdeckou akademii ve Snowfieldu do třídy „zaříkávačů“ koní. V divoké přírodě kanadských hor studují jezdectví jen ti nejlepší a ctižádostivá Zoe, která s jezdectvím teprve začíná, najednou patří k těm nejslabším. Navíc dostala zákaz se Šamanem jezdit, protože je prý pořád nevypočitatelný a nebezpečný. Tomu se Zoe vzepře a jezdí se Šamanem tajně po lesích, bez sedla a uzdy. Nakladatelská anotace. Kráceno. | |
| 655 | 7 | |a německé romány |7 fd132945 |2 czenas | |
| 655 | 7 | |a publikace pro mládež |7 fd133157 |2 czenas | |
| 655 | 9 | |a German fiction |2 eczenas | |
| 655 | 9 | |a juvenile literature |2 eczenas | |
| 700 | 1 | |a Zündorf, Iva, |d 1962- |7 jn20001227745 |4 trl | |
| 765 | 1 | |t Pferdeflüsterer-Academy | |
| 787 | 0 | 8 | |i Z cyklu: |t Jezdecká akademie (Gina Mayer) |g 2 |
| 830 | 0 | |a King Cool | |
| 900 | |a ABA001 |b 20 | ||
| 044 | |a xr | ||
| 910 | |a RBIT002 | ||
| 998 | |d 365237 |a https://core.palmknihy.cz/api/books/365237/cover?rmihfv |b https://core.palmknihy.cz/api/books/365237/cover/400?rmihfv |c https://core.palmknihy.cz/api/books/365237/cover/50?rmihfv |e 2027-02-01 |g 208 |i 9788027702718 |j https://core.palmknihy.cz/api/books/365237/preview.epub |k https://core.palmknihy.cz/api/books/365237/preview.pdf |l |q 49 |r 1 |s https://www.palmknihy.cz/kniha/365237 |t ebook |y 2022 |z 0 |v Jezdecká akademie |w 2 | ||
| 999 | |d 311783 | ||